Escalade 2023 : De quel pays est originaire le champion du monde ? - Statistiques

Statistiques générales
  • Ce quiz a été pris 154 fois
  • Le résultat moyen est 4 sur 8
Statistiques - réponses
Hint Réponse % Correct
Bloc Elite H France
91%
Bloc Elite F Slovénie
75%
Combiné Elite F Slovénie
62%
Difficulté Elite F Japon
57%
Difficulté Elite H Autriche
40%
Combiné Elite H Autriche
36%
Vitesse Elite F Indonésie
26%
Vitesse Elite H Italie
21%
Aucun quiz correspondant
Distribution des résultats
% des personnes avec chaque résultat
Percentile par nombre de réponses
Votre historique - résultats
Vous n’avez pas pris ce quiz